|
|
|
|
| LEADER |
03669nam a22006255i 4500 |
| 001 |
978-0-387-75528-1 |
| 003 |
DE-He213 |
| 005 |
20151201031825.0 |
| 007 |
cr nn 008mamaa |
| 008 |
100301s2008 xxu| s |||| 0|eng d |
| 020 |
|
|
|a 9780387755281
|9 978-0-387-75528-1
|
| 024 |
7 |
|
|a 10.1007/978-0-387-75528-1
|2 doi
|
| 040 |
|
|
|d GrThAP
|
| 050 |
|
4 |
|a QH540-549.5
|
| 072 |
|
7 |
|a PSVS
|2 bicssc
|
| 072 |
|
7 |
|a SCI020000
|2 bisacsh
|
| 072 |
|
7 |
|a SCI070000
|2 bisacsh
|
| 082 |
0 |
4 |
|a 591.7
|2 23
|
| 100 |
1 |
|
|a Morrison, Michael L.
|e author.
|
| 245 |
1 |
0 |
|a Wildlife Study Design
|h [electronic resource] /
|c by Michael L. Morrison, William M. Block, M. Dale Strickland, Bret A. Collier, Markus J. Peterson.
|
| 264 |
|
1 |
|a New York, NY :
|b Springer New York,
|c 2008.
|
| 300 |
|
|
|a XXXIV, 386 p.
|b online resource.
|
| 336 |
|
|
|a text
|b txt
|2 rdacontent
|
| 337 |
|
|
|a computer
|b c
|2 rdamedia
|
| 338 |
|
|
|a online resource
|b cr
|2 rdacarrier
|
| 347 |
|
|
|a text file
|b PDF
|2 rda
|
| 490 |
1 |
|
|a Springer Series on Environmental Management,
|x 0172-6161
|
| 505 |
0 |
|
|a Concepts for Wildlife Science: Theory -- Concepts for Wildlife Science: Design Application -- Experimental Designs -- Sample Survey Strategies -- Sampling Strategies: Applications -- Impact Assessment -- Inventory and Monitoring Studies -- Design Applications -- Education in Study Design and Statistics for Students and Professionals -- Synthesis: Advances in Wildlife Study Design.
|
| 520 |
|
|
|a After the success of the first edition, Wildlife Study Design returns with a second edition showcasing a substantial body of new material applicable to the study design of ecology, conservation and management of wildlife. Building on reviews of the first edition and feedback from workshops and graduate teaching, this new edition, authored by Michael Morrison, William Block, M. Dale Strickland, Bret Collier, and Markus Peterson, proves to be a valuable guide and reference for scientists and resource managers, as well as being a useful textbook for advanced undergraduate and graduate students. Taking an approach from both a basic and applied perspective, the book covers numerous aspects of study design including variable classification, the necessity of randomization and replication in wildlife study design, the three major types of designs in decreasing order of rigor, detection probabilities, adaptive cluster methods, double sampling, sampling of rare species, effect size and power, and impact assessment, just to name a few. The concepts provided by the book make study design both accessible and comprehensive to a wide array of readers.
|
| 650 |
|
0 |
|a Life sciences.
|
| 650 |
|
0 |
|a Animal ecology.
|
| 650 |
|
0 |
|a Applied ecology.
|
| 650 |
|
0 |
|a Wildlife.
|
| 650 |
|
0 |
|a Fish.
|
| 650 |
|
0 |
|a Environmental management.
|
| 650 |
|
0 |
|a Environmental sciences.
|
| 650 |
|
0 |
|a Nature conservation.
|
| 650 |
1 |
4 |
|a Life Sciences.
|
| 650 |
2 |
4 |
|a Animal Ecology.
|
| 650 |
2 |
4 |
|a Fish & Wildlife Biology & Management.
|
| 650 |
2 |
4 |
|a Applied Ecology.
|
| 650 |
2 |
4 |
|a Environmental Management.
|
| 650 |
2 |
4 |
|a Math. Appl. in Environmental Science.
|
| 650 |
2 |
4 |
|a Nature Conservation.
|
| 700 |
1 |
|
|a Block, William M.
|e author.
|
| 700 |
1 |
|
|a Strickland, M. Dale.
|e author.
|
| 700 |
1 |
|
|a Collier, Bret A.
|e author.
|
| 700 |
1 |
|
|a Peterson, Markus J.
|e author.
|
| 710 |
2 |
|
|a SpringerLink (Online service)
|
| 773 |
0 |
|
|t Springer eBooks
|
| 776 |
0 |
8 |
|i Printed edition:
|z 9780387755274
|
| 830 |
|
0 |
|a Springer Series on Environmental Management,
|x 0172-6161
|
| 856 |
4 |
0 |
|u http://dx.doi.org/10.1007/978-0-387-75528-1
|z Full Text via HEAL-Link
|
| 912 |
|
|
|a ZDB-2-SBL
|
| 950 |
|
|
|a Biomedical and Life Sciences (Springer-11642)
|